| 000 | 00824nam a2200241Ia 4500 | ||
|---|---|---|---|
| 003 | OSt | ||
| 005 | 20220926022206.0 | ||
| 006 | a|||||r|||| 00| 0 | ||
| 007 | ta | ||
| 008 | 220923b |||||||| |||| 00| 0 eng d | ||
| 037 | _cGeneral Book | ||
| 040 |
_aRTL _cRTL _beng |
||
| 041 |
_2eng _aeng |
||
| 082 | _aV1N45,93:3.N79, L9/UN | ||
| 110 |
_aUNITED NATIONS, INTERNATIONAL ECONOMIC AND SOCIAL AFFAIRS (Departments of--) _9326102 |
||
| 245 | 0 | _aGuidelines on statistics of tangible assets. | |
| 260 |
_aNew York _bUnited Nations _c1979 |
||
| 300 |
_avi,63p. _ccm. |
||
| 500 | _aStatistics papers series M, no. 68 | ||
| 700 |
_aUNITED NATIONS, INTERNATIONAL ECONOMIC AND SOCIAL AFFAIRS (Departments of--) _9326103 |
||
| 942 |
_hV1N45,93:3.N79, L9/UN _cGB _2CC |
||
| 999 |
_c638801 _d638801 |
||